1432 1318 1890 1975 1819 1065 1143 1371 1760 1872 1549 1448 1802 1786 1509 1447 1860 1435 1510 1869 1766 1605 1782 1212 1351 1137 1791 1179 1558 1710 1587 1007 1923 1196 1852 1761 2000 1527 1342 1323 1824 1593 1045 1208 1738 1671 1075 1771 1120 1430 1032 1590 1557 1813 1858 1593 1596 1297 1959 1245 1423 1019 1594 1496 1757 1687 1116 1821 1395 1572 1770 1934 1350 1007 1735 1004 1169 1656 1814 1478 1076 1359 1442 1866 1813 1089 1602 1949 1252 1261 1208 1144 1289 1141 1952 1674 1785 1221 1213 BCNSPRNW ULIB Ver.6.0+V

เปลี่ยนเป็นภาษาไทย

Change to English
 แสดงรายละเอียดบรรณานุกรม
  กลับหน้าหลัก

Brief Record : Get Marc (ISO 2709) : E-mail record : QR code < ปิดหน้าต่าง
LEADER : 00000nam 2200000uu 4500
001    13399127169
003     ULIB
008    191018s2562||||th 000 0 tha d
020 ^- ^a9786168243039
050 ^- ^aนว.^bช499ห
100 0^ ^aชาณา,
245 10 ^aหัวใจปีศาจ /^cชาณา.
250 ^- ^aพิมพ์ครั้งที่ 2.
260 ^1 ^aกรุงเทพฯ :^bดีบุ๊คส์,^c2562.
300 ^- ^a416 หน้า.
945    ^p320^l0^i006355
999    ^aประนอม เกษจรัล
รายการนี้ยังไม่มีแท็ก
คุณยังไม่ได้ล็อกอิน คุณสามารถมีกิจกรรมร่วมกับเว็บไซต์ได้ แต่ต้องล็อกอินก่อน ::
  ล็อกอิน

รายการสื่อสารสนเทศ

ลำดับที่ ประเภท เลขเรียก/บาร์โค้ด สถานที่ สถานะ
1. นวนิยาย
นวนิยาย
นว. ช499ห ฉ.1 
  Barcode: 006355
ห้องสมุดวิทยาเขตนครสวรรค์
►นวนิยาย:l:Fiction
บนชั้น

รายการใกล้เคียง
    ผู้แต่ง [ชาณา,]

BibComment


ยังไม่เคยถูกคอมเมนท์

คอมเมนท์ทรัพยากรรายการนี้
  คอมเมนท์: หัวใจปีศาจ ชาณา


 Copyright 2026. Bcnsprnw @Library